• 首页
  • 本馆介绍
  • 公告通知
  • 最新文献
  • 馆藏检索
  • 电子资源
  • 读者导购
  • 参考咨询
  • 我的图书馆
  • 登录
  • 详细信息显示
  • 放入我的书架
  • 预约/预借图书
  • 作者相关作品
  • 分类相关作品
  • 丛书相关作品
  • 出版社相关作品

书目信息

  • 表格格式
  • 工作单格式
  • 卡片格式
题名:
话本小说概论
    
 
作者: 胡士莹 著
分册: 下册  
出版信息: 北京   中华书局  1980
页数: ~755页
开本: 21cm
丛书名:
单 册:
中图分类: I207.41 , I207.4
科图分类:
主题词: 话本小说-文学研究--中国--古代 , 文学研究-话本小说--中国--古代 , 文学--中国
电子资源:
ISBN:
000 00812nam0 2200289 45
001 0180008560
005 20040318111126.4
010    @dCNY2.75
091    @a10018.437(总)
100    @a19950515d1980 em y0chiy0121 ea
101 0  @achi
102    @aCN@b110000
105    @ay z 000zy
106    @ar
200 10 @a话本小说概论@h下册@Ahua ben xiao shuo gai lun@f胡士莹著
210    @a北京@c中华书局@d1980
215    @a~755页@d21cm
300    @a话本小说是我国小说发展史中的一个重要环节.
606    @a话本小说-文学研究@y中国@z古代
606    @a文学研究-话本小说@y中国@z古代
606 0  @a文学@x中国
690    @aI207.41@v3
690    @aI207.4
701  0 @a胡士莹@Ahu shi ying@4著
801  0 @aCN@b上海图书馆@c20040318
801  2 @aCN@bNLC@c20040318
905    @f1@b53901@f1@b53903@dI207.4@e50:1-2
    
    话本小说概论.下册/胡士莹著.-北京:中华书局,1980
    ~755页;21cm
    话本小说是我国小说发展史中的一个重要环节.
    
    ISBN :CNY2.75
    
●
相关链接 在E读中查询图书 在五车中查询图书 在当当中查询图书 在豆瓣中查询图书


正题名:话本小说概论     索取号:I207.4/50:1-2         预约/预借

序号 登录号 条形码 馆藏地/架位号 状态 备注
1 0053901   001903694   密集书库/ [索取号:I207.4/50:1-2] 在馆    
2 0053903   001903685   密集书库/ [索取号:I207.4/50:1-2] 在馆    
唐山师范学院图书馆 欢迎您!
大连网信软件有限公司© 版权所有